Thermal environmental engineering (Record no. 13003)

000 -LEADER
fixed length control field 00498nam a2200193 4500
001 - CONTROL NUMBER
control field 13003
003 - CONTROL NUMBER IDENTIFIER
control field BD-DhUET
008 - FIXED-LENGTH DATA ELEMENTS--GENERAL INFORMATION
fixed length control field 700513s1970 njuad b 001 0 eng
020 ## - INTERNATIONAL STANDARD BOOK NUMBER
International Standard Book Number 139147217
040 ## - CATALOGING SOURCE
Original cataloging agency DLC
Transcribing agency DLC
Modifying agency BD-DhUET
082 ## - DEWEY DECIMAL CLASSIFICATION NUMBER
Classification number 697.93
Item number THR/1970
100 1# - MAIN ENTRY--PERSONAL NAME
Personal name Threlkeld, James L.
245 10 - TITLE STATEMENT
Title Thermal environmental engineering
250 ## - EDITION STATEMENT
Edition statement 2nd ed.
260 ## - PUBLICATION, DISTRIBUTION, ETC. (IMPRINT)
Place of publication, distribution, etc. New Jersey
Name of publisher, distributor, etc. Prentice-Hall
Date of publication, distribution, etc. 1970
300 ## - PHYSICAL DESCRIPTION
Extent xvi, 495 p.
Other physical details illus.
Dimensions 25 cm.
650 #0 - SUBJECT ADDED ENTRY--TOPICAL TERM
Topical term or geographic name as entry element Air Conditioning
942 ## - ADDED ENTRY ELEMENTS (KOHA)
Koha item type General Book
Holdings
Lost status Piece designation (barcode) Withdrawn status Date acquired Shelving location Copy number Location (home branch) Price effective from Not for loan Koha item type Sublocation or collection (holding branch) Koha normalized classification for sorting Koha date last seen Koha full call number Source of classification or shelving scheme Damaged status
 47970 2015-02-28Circulation section1Central Library, BUET2015-02-28 General BookCentral Library, BUET697_930000000000000_THR_19702015-02-28697.93/THR/1970  
 55662 2015-02-28Circulation section2Central Library, BUET2015-02-28 General BookCentral Library, BUET697_930000000000000_THR_19702015-02-28697.93/THR/1970  
 17689 2015-05-17Circulation section3Central Library, BUET2015-05-17 General BookCentral Library, BUET697_930000000000000_THR_19702015-05-17697.93/THR/1970  
 17690 2015-05-17Circulation section4Central Library, BUET2015-05-17 General BookCentral Library, BUET697_930000000000000_THR_19702015-05-17697.93/THR/1970  
 17691 2015-05-17Circulation section5Central Library, BUET2015-05-17 General BookCentral Library, BUET697_930000000000000_THR_19702015-05-17697.93/THR/1970  
 17692 2015-05-17Circulation section6Central Library, BUET2015-05-17 General BookCentral Library, BUET697_930000000000000_THR_19702015-05-17697.93/THR/1970  
 17693 2015-05-17Circulation section7Central Library, BUET2015-05-17 General BookCentral Library, BUET697_930000000000000_THR_19702015-05-17697.93/THR/1970  
 19442 2015-05-17Circulation section8Central Library, BUET2015-05-17 General BookCentral Library, BUET697_930000000000000_THR_19702015-05-17697.93/THR/1970  
 25333 2015-05-17Circulation section9Central Library, BUET2015-05-17 General BookCentral Library, BUET697_930000000000000_THR_19702015-05-17697.93/THR/1970  
 25334 2015-05-17Circulation section10Central Library, BUET2015-05-17 General BookCentral Library, BUET697_930000000000000_THR_19702015-05-17697.93/THR/1970